Identità diverse

Na minha lista:
Detalhes bibliográficos
Autor principal: Del Favero Roberto
Formato: Livro
Idioma:idioma desconhecido
Publicado em: Roma Kappa 1996
Tags: Adicionar Tag
Sem tags, seja o primeiro a adicionar uma tag!

MARC

LEADER 00000nam a2200000Ia 4500
001 35
003 NUMERAZIONE-ORIGINALE-BRESCIA
005 20260206230747.0
008 260206s9999 xx 000 0 und d
100 |a Del Favero Roberto 
245 0 |a Identità diverse 
260 |a Roma 
260 |b Kappa 
260 |c 1996 
500 |a Counseling e psicoterapia per gay e lesbiche 
942 |2 ddc  |c BK  |n 0 
952 |0 0  |1 0  |2 ddc  |4 0  |6 14  |7 0  |9 28213  |a BS  |b BS  |d 2026-02-06  |i 35-2  |l 0  |o 1-4-*  |r 2026-02-06 22:40:31  |w 2026-02-06  |x [REVISIONARE]  |y BK 
952 |0 0  |1 0  |2 ddc  |4 0  |6 14  |7 0  |9 28214  |a BS  |b BS  |d 2026-02-06  |i 35-1  |l 0  |o 1-4-*  |r 2026-02-06 22:40:31  |w 2026-02-06  |x [REVISIONARE]  |y BK 
999 |c 23917  |d 23917